<?xml version='1.0' encoding='UTF-8'?>
  <record xmlns="http://www.loc.gov/MARC21/slim">
    <leader>00000cam a2200000 i 4500</leader>
    <controlfield tag="001">ocm19239975</controlfield>
    <controlfield tag="003">OCoLC</controlfield>
    <controlfield tag="005">20240202180208.2</controlfield>
    <controlfield tag="008">890220s1581    gw            000 0blat d</controlfield>
    <datafield tag="040" ind1=" " ind2=" ">
      <subfield code="a">IUL</subfield>
      <subfield code="b">eng</subfield>
      <subfield code="e">rda</subfield>
      <subfield code="e">dcrmr</subfield>
      <subfield code="c">IUL</subfield>
      <subfield code="d">OCLCQ</subfield>
      <subfield code="d">OCLCG</subfield>
      <subfield code="d">OCLCQ</subfield>
      <subfield code="d">OCLCA</subfield>
      <subfield code="d">OCLCQ</subfield>
      <subfield code="d">OCLCO</subfield>
      <subfield code="d">ZAD</subfield>
      <subfield code="d">OCLCO</subfield>
      <subfield code="d">OCLCF</subfield>
      <subfield code="d">OCLCO</subfield>
      <subfield code="d">OCLCQ</subfield>
      <subfield code="d">QGJ</subfield>
      <subfield code="d">OCLCA</subfield>
      <subfield code="d">OCLCO</subfield>
      <subfield code="d">OCLCL</subfield>
    </datafield>
    <datafield tag="029" ind1="1" ind2=" ">
      <subfield code="a">NLGGC</subfield>
      <subfield code="b">171988620</subfield>
    </datafield>
    <datafield tag="035" ind1=" " ind2=" ">
      <subfield code="a">(OCoLC)19239975</subfield>
    </datafield>
    <datafield tag="050" ind1=" " ind2="4">
      <subfield code="a">DA130.A2</subfield>
      <subfield code="b">R4 1587</subfield>
    </datafield>
    <datafield tag="130" ind1="0" ind2=" ">
      <subfield code="a">Vita Heinrici IV imperatoris.</subfield>
    </datafield>
    <datafield tag="245" ind1="1" ind2="0">
      <subfield code="a">Historia de vita Imp. Caes. Henrici IIII. Aug. et Hiltebrandi, Pontificis Rom. cognomento Gregorii VII. :</subfield>
      <subfield code="b">circa ea tempora, quibus vterque vixit, conscripta.</subfield>
    </datafield>
    <datafield tag="264" ind1=" " ind2="1">
      <subfield code="a">Francofvrti :</subfield>
      <subfield code="b">Apud Andream Wechelum,</subfield>
      <subfield code="c">M. D. LXXXI. [1581]</subfield>
    </datafield>
    <datafield tag="300" ind1=" " ind2=" ">
      <subfield code="a">55, [1] pages ;</subfield>
      <subfield code="c">32 cm (folio)</subfield>
    </datafield>
    <datafield tag="336" ind1=" " ind2=" ">
      <subfield code="a">text</subfield>
      <subfield code="b">txt</subfield>
      <subfield code="2">rdacontent</subfield>
    </datafield>
    <datafield tag="337" ind1=" " ind2=" ">
      <subfield code="a">unmediated</subfield>
      <subfield code="b">n</subfield>
      <subfield code="2">rdamedia</subfield>
    </datafield>
    <datafield tag="338" ind1=" " ind2=" ">
      <subfield code="a">volume</subfield>
      <subfield code="b">nc</subfield>
      <subfield code="2">rdacarrier</subfield>
    </datafield>
    <datafield tag="340" ind1=" " ind2=" ">
      <subfield code="m">folio</subfield>
      <subfield code="2">rdabf</subfield>
    </datafield>
    <datafield tag="500" ind1=" " ind2=" ">
      <subfield code="a">Variously attributed to Otbert, Bishop of Liège, Guido, presbyter, Erlung, Bishop of Würzburg, Godescalus of Limburg, and Dietrich of Mainz, cf. NUC pre-1956 247:541.</subfield>
    </datafield>
    <datafield tag="500" ind1=" " ind2=" ">
      <subfield code="a">Dedication by Reinerus Reineccius.</subfield>
    </datafield>
    <datafield tag="500" ind1=" " ind2=" ">
      <subfield code="a">Signatures: a-d⁶ e⁴.</subfield>
    </datafield>
    <datafield tag="500" ind1=" " ind2=" ">
      <subfield code="a">Printer's device on title page, not in Silvestre, Marques typographiques, cf. no. 530.</subfield>
    </datafield>
    <datafield tag="501" ind1=" " ind2=" ">
      <subfield code="a">With: Chronica Slavorum, seu, Annales Helmoldi ... Francofurti : A. Wechelum, 1581. Issued together.</subfield>
    </datafield>
    <datafield tag="505" ind1="0" ind2="0">
      <subfield code="t">Reinecii Prooemium --</subfield>
      <subfield code="t">Vita Henrici IIII. --</subfield>
      <subfield code="t">Epistolae aliquot Henrici IIII. --</subfield>
      <subfield code="t">Vita et gesta Hiltebrandi, qui Romanus Pontifex factus, Gregorius Septimus dictus est, /</subfield>
      <subfield code="r">descripta per Bennonem Cardinalem.</subfield>
    </datafield>
    <datafield tag="510" ind1="4" ind2=" ">
      <subfield code="a">Adams, H.M. Catalogue of books printed on the continent of Europe, 1501-1600, in Cambridge libraries,</subfield>
      <subfield code="c">H 190 (cf.)</subfield>
    </datafield>
    <datafield tag="510" ind1="4" ind2=" ">
      <subfield code="a">Grässe, J.G.T. Trésor de livres rares et précieux,</subfield>
      <subfield code="c">III, 237, note</subfield>
    </datafield>
    <datafield tag="510" ind1="4" ind2=" ">
      <subfield code="a">Verzeichnis der im deutschen Sprachbereich erschienenen Drucke des 16. Jahrhunderts (VD 16),</subfield>
      <subfield code="c">H 1791</subfield>
    </datafield>
    <datafield tag="600" ind1="0" ind2="0">
      <subfield code="a">Henry</subfield>
      <subfield code="b">IV,</subfield>
      <subfield code="c">Holy Roman Emperor,</subfield>
      <subfield code="d">1050-1106.</subfield>
    </datafield>
    <datafield tag="600" ind1="0" ind2="0">
      <subfield code="a">Gregory</subfield>
      <subfield code="b">VII,</subfield>
      <subfield code="c">Pope,</subfield>
      <subfield code="d">approximately 1015-1085.</subfield>
    </datafield>
    <datafield tag="600" ind1="0" ind2="7">
      <subfield code="a">Gregory</subfield>
      <subfield code="b">VII,</subfield>
      <subfield code="c">Pope,</subfield>
      <subfield code="d">approximately 1015-1085</subfield>
      <subfield code="2">fast</subfield>
      <subfield code="1">https://id.oclc.org/worldcat/entity/E39PBJv8JhrKxcXdmCr9Drdmh3</subfield>
    </datafield>
    <datafield tag="600" ind1="0" ind2="7">
      <subfield code="a">Henry</subfield>
      <subfield code="b">IV,</subfield>
      <subfield code="c">Holy Roman Emperor,</subfield>
      <subfield code="d">1050-1106</subfield>
      <subfield code="2">fast</subfield>
      <subfield code="1">https://id.oclc.org/worldcat/entity/E39PBJymDj38GJbVpFHJcRkqwC</subfield>
    </datafield>
    <datafield tag="700" ind1="0" ind2=" ">
      <subfield code="a">Otbert,</subfield>
      <subfield code="c">Bishop of Liège,</subfield>
      <subfield code="d">-1119,</subfield>
      <subfield code="e">attributed name.</subfield>
      <subfield code="4">att</subfield>
      <subfield code="1">https://id.oclc.org/worldcat/entity/E39PCjtrW9KWPJWFYp8Ck8T6Xd</subfield>
    </datafield>
    <datafield tag="700" ind1="0" ind2=" ">
      <subfield code="a">Guido,</subfield>
      <subfield code="c">Presbyter of Monte Cassino,</subfield>
      <subfield code="d">active 12th century,</subfield>
      <subfield code="e">attributed name.</subfield>
      <subfield code="4">att</subfield>
      <subfield code="1">https://id.oclc.org/worldcat/entity/E39PCjJtCftQMfHq9mBkXBtRDm</subfield>
    </datafield>
    <datafield tag="700" ind1="0" ind2=" ">
      <subfield code="a">Erlung,</subfield>
      <subfield code="c">Bishop of Würzburg,</subfield>
      <subfield code="d">-1121,</subfield>
      <subfield code="e">attributed name.</subfield>
      <subfield code="4">att</subfield>
      <subfield code="1">https://id.oclc.org/worldcat/entity/E39PCjG87HxjJt393qHwGpXcfq</subfield>
    </datafield>
    <datafield tag="700" ind1="0" ind2=" ">
      <subfield code="a">Gottschalk,</subfield>
      <subfield code="c">of Limburg,</subfield>
      <subfield code="d">-1098,</subfield>
      <subfield code="e">attributed name.</subfield>
      <subfield code="4">att</subfield>
      <subfield code="1">https://id.oclc.org/worldcat/entity/E39PCjyTCgb6bFGkrf9cmfdDG3</subfield>
    </datafield>
    <datafield tag="700" ind1="0" ind2=" ">
      <subfield code="a">Dietrich,</subfield>
      <subfield code="c">Abbot of St. Alban,</subfield>
      <subfield code="d">active 12th century,</subfield>
      <subfield code="e">attributed name.</subfield>
      <subfield code="4">att</subfield>
      <subfield code="1">https://id.oclc.org/worldcat/entity/E39PCjGgx6fDBWHYj4fVrfg6PP</subfield>
    </datafield>
    <datafield tag="700" ind1="0" ind2=" ">
      <subfield code="a">Benno,</subfield>
      <subfield code="c">Cardinal,</subfield>
      <subfield code="d">active 11th century.</subfield>
      <subfield code="1">https://id.oclc.org/worldcat/entity/E39PCjyyBvd87w3M6wvTmXfbcX</subfield>
    </datafield>
    <datafield tag="700" ind1="1" ind2=" ">
      <subfield code="a">Winsemius, Vitus,</subfield>
      <subfield code="d">1501-1570,</subfield>
      <subfield code="e">dedicatee.</subfield>
      <subfield code="4">dte</subfield>
      <subfield code="1">https://id.oclc.org/worldcat/entity/E39PBJcKPccD3xPW47gHYpctrq</subfield>
    </datafield>
    <datafield tag="700" ind1="1" ind2=" ">
      <subfield code="a">Reineccius, Reiner,</subfield>
      <subfield code="d">1541-1595.</subfield>
      <subfield code="1">https://id.oclc.org/worldcat/entity/E39PBJvCRb4MDKvQr44cyW6tKd</subfield>
    </datafield>
    <datafield tag="700" ind1="1" ind2=" ">
      <subfield code="a">Wechel, Andreas,</subfield>
      <subfield code="d">-1581,</subfield>
      <subfield code="e">author.</subfield>
      <subfield code="4">aut</subfield>
      <subfield code="1">https://id.oclc.org/worldcat/entity/E39PBJmXDHgVVjdYKPmdWXg7pP</subfield>
    </datafield>
    <datafield tag="752" ind1=" " ind2=" ">
      <subfield code="a">Germany</subfield>
      <subfield code="d">Frankfurt am Main,</subfield>
      <subfield code="e">publication place.</subfield>
      <subfield code="4">pup</subfield>
    </datafield>
    <datafield tag="758" ind1=" " ind2=" ">
      <subfield code="i">has work:</subfield>
      <subfield code="a">Vita Heinrici IV imperatoris (Text)</subfield>
      <subfield code="1">https://id.oclc.org/worldcat/entity/E39PCGRYMrFHwtq7MY4g3D7qBd</subfield>
      <subfield code="4">https://id.oclc.org/worldcat/ontology/hasWork</subfield>
    </datafield>
  </record>